Nonlinear Analysis on Manifolds. Monge-Ampere Equations

Saved in:
Bibliographic Details
Main Author: Aubin, Thierry
Format: Book
Language:English
Published: New York : Springer-Verlag, 1982
Series:Grundlehren der mathematischen wissenschaften ; ; 252
Subjects:
Tags: Add Tag
No Tags, Be the first to tag this record!

MARC

LEADER 00000nam a2200000 i 4500
001 1/44943
008 950526s1982 eng d
020 |a 0-387-90704-1 
035 |a 1995  |l 10042410 
035 |a 1995  |c ΚΩΤΣΑΚΗΣ 
040 |a GR-MY-UA  |b gre  |e aacr 
041 0 |a eng 
082 0 |a 516.373 
100 1 |a Aubin, Thierry. 
245 1 0 |a Nonlinear Analysis on Manifolds. Monge-Ampere Equations /  |c Thierry Aubin 
260 |a New York :   |b Springer-Verlag,   |c 1982 
300 |a 204 p.;  |c 24 cm. 
490 1 |a Grundlehren der mathematischen Wissenschaften  |v ; 252 
500 |a Includes index 
650 0 0 |a Riemannian manifolds. 
650 0 0 |a Monge-Ampere equations. 
830 0 |a Grundlehren der mathematischen wissenschaften ;  |v ; 252 
852 |a INST  |b SAMOS  |e 19960530  |h 516.373 AUB  |p 005300005147  |q 005300005147  |t BK  |y 0 
852 |a INST  |b SAMOS  |e 19950526  |h 516.373 AUB  |p 005300005505  |q 005300005505  |t BK  |y 0 
909 |a Σ  |b 039312 
909 |a Σ  |b 038958